Vista normal
Vista MARC
Entrada Nombre corporativo
Número de registros utilizados en: 1
001 - NÚMERO DE CONTROL
- Campo de control: 4568
003 - IDENTIFICADOR DE NÚMERO DE CONTROL
- Campo de control: ES-MaCES
005 - FECHA Y HORA DE LA ULTIMA MODIFICACION
- Campo de control: 20021022102600.0
008 - ELEMENTOS DE DATOS DE LONGITUD FIJA
- Campo de longitud fija: 021022 | azznnaabn |n ana d
035 ## - NÚMERO DE CONTROL DEL SISTEMA
- Número de control del sistema: CES20020002642e
040 ## - FUENTE DE LA CATALOGACIÓN
- Agencia original de catalogación: ES-MaCES
- Idioma de catalogación: spa
- Agencia de transcripción: ES-MaCES
110 2# - ENCABEZAMIENTO--NOMBRE CORPORATIVO
- Nombre corporativo o de jurisdicción como elemento de entrada: Naciones Unidas
- Unidad subordinada: Asamblea General
- Unidad subordinada: Período de Sesiones
- Número de parte/sección/reunión: 23º
- Lugar de reunión o firma del tratado: 2000
- Lugar de la reunión: Nueva York
670 ## - FUENTE DE DATOS ENCONTRADOS
- Fuente de citación: CD del CES
901 ## - CES. DATOS SIRTEX
- ID Sirtex (N5N8): 0001800005470
- 005BIS Sirtex: 200210221003ALORITE

